Orgány Najvyššieho kontrolného úradu SR

Právna úprava Najvyššieho kontrolného úradu SR. Funkcia predsedu a podpredsedu NKÚ a ich kompetencie. Kontrolná pôsobnosť a právomoc NKÚ.

Gespeichert in:
Bibliographische Detailangaben
1. Verfasser: Králik, J.
Format: Buchkapitel
Sprache:Slowakisch
Schlagworte:
Tags: Tag hinzufügen
Keine Tags, Fügen Sie das erste Tag hinzu!

MARC

LEADER 00000naa a2200000 4500
001 r026505
005 20230825080133.6
041 0 |a slo 
044 |a SK 
245 1 0 |a Orgány Najvyššieho kontrolného úradu SR  |c J. Králik 
520 |a Právna úprava Najvyššieho kontrolného úradu SR. Funkcia predsedu a podpredsedu NKÚ a ich kompetencie. Kontrolná pôsobnosť a právomoc NKÚ. 
610 2 0 |a NKÚ SR Bratislava 
610 2 0 |a kontrola národohospodárska 
610 2 0 |a kontrola štátna 
610 2 0 |a orgány štátne 
610 2 0 |a kompetencie 
100 1 |a Králik, J.